Reformy zvýšia našu konkurencieschopnosť v eurozóne

Mimoriadna príloha HN. Reformy, ktorými by malo prejsť Slovensko pred vstupom do EÚ. Tieto reformy by mali zvýšiť konkurencieschopnosť Slovenska v eurozóne. Slovensko už prešlo niektorými reformami. Korene reforiem smerujú k verejným financiám. Zameranie reforiem v podnikovom sektore. Reforma bankov...

Ausführliche Beschreibung

Gespeichert in:
Bibliographische Detailangaben
1. Verfasser: Jančík, Ľuboš
Format: Buchkapitel
Sprache:Slowakisch
Schlagworte:
Tags: Tag hinzufügen
Keine Tags, Fügen Sie das erste Tag hinzu!

MARC

LEADER 00000naa a2200000 4500
001 r049310
005 20230925124539.9
041 0 |a slo 
044 |a SK 
245 1 0 |a Reformy zvýšia našu konkurencieschopnosť v eurozóne  |c Ľuboš Jančík 
520 |a Mimoriadna príloha HN. Reformy, ktorými by malo prejsť Slovensko pred vstupom do EÚ. Tieto reformy by mali zvýšiť konkurencieschopnosť Slovenska v eurozóne. Slovensko už prešlo niektorými reformami. Korene reforiem smerujú k verejným financiám. Zameranie reforiem v podnikovom sektore. Reforma bankového sektora. Podmienky udržateľného ekonomického rastu SR. 
610 2 0 |a reformy hospodárske 
610 2 0 |a rast hospodársky 
610 2 0 |a privatizácia 
610 2 0 |a prostredie podnikateľské 
610 2 0 |a konkurencieschopnosť 
610 2 0 |a banky 
610 2 0 |a rozvoj trvalo udržateľný 
610 2 0 |a Slovensko 
610 2 0 |a Európska únia 
610 2 0 |a financie verejné 
100 1 |a Jančík, Ľuboš